Statistics for U.S. State Flags by Population

Click here to take the quiz!

General Stats

  • This quiz has been taken 20 times
    (9 since last reset)
  • The average score is 28 of 50

Answer Stats

Answer% Correct
California
100%
Texas
100%
Washington
100%
Alabama
80%
Arizona
80%
Arkansas
80%
Colorado
80%
Indiana
80%
Louisiana
80%
Michigan
80%
Ohio
80%
South Carolina
80%
Tennessee
80%
Alaska
60%
Florida
60%
Georgia
60%
Hawaii
60%
Illinois
60%
Maryland
60%
Missouri
60%
New Mexico
60%
New York
60%
North Carolina
60%
Oregon
60%
Pennsylvania
60%
Virginia
60%
Wisconsin
60%
Connecticut
40%
Delaware
40%
Iowa
40%
Kansas
40%
Kentucky
40%
Maine
40%
Massachusetts
40%
Minnesota
40%
Mississippi
40%
Montana
40%
Nebraska
40%
Nevada
40%
New Hampshire
40%
New Jersey
40%
North Dakota
40%
Oklahoma
40%
Rhode Island
40%
South Dakota
40%
Utah
40%
Vermont
40%
West Virginia
40%
Wyoming
40%
Idaho
20%

Score Distribution

Percentile by Number Answered

Percent of People with Each Score

Your Score History

You have not taken this quiz since the last reset